02125 2200277 4500001002100000005001500021035002000036007000300056008004100059020001800100082001100118084001700129100003100146245006800177250002000245300003800265650002500303505132700328740005001655264003601705336002101741337003001762338002301792990001601815990001601831INLIS00000000000010520260414015018 a0010-0426000104ta260414 g 0 ind  a9789797569426 a004.16 a004.16 HAR m0 aHarso Adjie, R.ePengarang1 aMerancang USB I/O menggunakan chip pic18F4550 /cR. Harso Adjie acetakan pertama a244 halaman :bilustrasi ;c26 cm 4aPemrograman Komputer aMikrokontroller PIC18F4550 adalah Mikrokontroller kelas menengah yang banyak digunakan untuk berbagai Aplikasi di bidang Industri. Mikokontroller PIC18F4550 ini mempunyai berbagai fitur standar seperti Memori Program, Memori Data, Fasilitas Interupsi Eksternal, Modul Timer/Counter, Modul PWM/Enhance PWM, Modul USART/EUSART, Modul SPP (Streaming Parallel Port), Modul HLVD (High Low Voltage Detect), Modul MSSP (Master Synchronous Serial Port), Modul ADC 10 Bit, dan Dual Analog Comparator. Selain fitur diatas, Mikrokontroller PIC18F4550 mempunyai Modul USB V2.0 yang mendukung Komunikasi Data Low Speed (1,5 Mbit/s) dan Full Speed (12 Mbit/s) yang mampu dioperasikan pada Mode USB Human Interface Device (USB HID). Buku ini memberikan penjelasan tentang Mikrokontroller PIC18F4550 sebagai pengendali I/O Board yang dihubungkan ke Komputer Desktop/PC menggunakan Firmware Bahasa C yang dibuat dengan Software/Tool MPLAB IDE v8.83. Sedangkan Aplikasi GUI menggunakan Software Microsoft Visual C ++ 2008 Express Edition dengan .Net Framework 3.5. Pada Buku ini dibahas berbagai contoh Program dan Aplikasi Praktis agar para pembaca dapat mudah memahami penggunaan fitur fitur yang dimiliki oleh Mikrokontroller PIC18F4550 serta dapat berkreatifitas untuk membuat dan merancang USB I/O Board yang canggih dan handal. aMerancang USB I/O menggunakan chip pic18F4550 aYogyakarta :bGraha Ilmu,c2013 2rdacontentateks 2rdamediaatanpa perantara 2rdacarrieravolume aPP000193/19 aPP000796/19